| 000 | 00530cam a2200193 a 4500 | ||
|---|---|---|---|
| 001 | 12573179 | ||
| 005 | 20240208005524.0 | ||
| 008 | 010813s2001 ce b 001 0 eng | ||
| 020 | _a9559170384 | ||
| 040 |
_aDLC _cDLC _dDLC |
||
| 082 | 0 | 0 |
_a306.461 _221 _bKAM. |
| 100 | 1 | _aPieris, Kamalika. | |
| 245 | 1 | 4 |
_aThe medical profession in Sri Lanka, 1843-1980 / _cKamalika Pieris. |
| 250 | _a1st ed. | ||
| 260 |
_aBoralesgamuwa, Sri Lanka : _bVisidunu Prakashakayo, _c2001. |
||
| 300 | _a198 p. ; | ||
| 650 | 0 | _aPhysicians | |
| 942 | _cL | ||
| 999 |
_c327 _d327 |
||